000
00337 a2200169 4500
001
186545
020
_a
978-85-16-07184-4
040
_c
Magnum
100
_a
Rocha, Ruth
240
1
0
_a
Elefante?
_l
por
245
1
0
_a
Elefante?
300
_a
21
362
0
_a
2011
440
1
_a
Moderna
697
_a
LITERATURA INFANTIL
942
_c
BK
999
_c
186545
_d
186545